00588cam a2200193 i 4500020003100000020002800031040000800059082002600067100001800093245005400111246005400165250002400219300005000243500002200293650002200315650001900337700002000356700001800376 a9781259277368 (alk. paper) a1259277364 (alk. paper) cDLC00a612 HIL 1998 A106 Or.1 aShier, David,10aHole's essentials of human anatomy & physiology /3 aHole's essentials of human anatomy and physiology aThirteenth edition. axx, 634 pages :bcolor illustrations ;c29 cm aIncludes indexes. 0aHuman physiology. 0aHuman anatomy.1 aButler, Jackie,1 aLewis, Ricki,